1490 1526 1821 1136 1902 1233 1792 1874 1938 1935 1652 1378 1669 1455 1874 1287 1741 1776 1361 1813 1813 1879 1141 1646 1343 1361 1953 1996 1708 1144 1259 1946 1245 1563 1634 1869 1420 1049 1499 1641 1275 1838 1742 1850 1283 1031 1425 1544 1699 1276 1481 1778 1893 1464 1522 1235 1107 1025 1906 1300 1869 1733 1309 1964 1383 1339 1386 1767 1944 1671 1335 1263 1979 1292 1163 1073 1925 1325 1082 1240 1529 1330 1696 1193 1327 1104 1770 1106 1656 1633 1992 1851 1512 1148 1464 1060 1968 1908 1488 BCNSPRNW ULIB Ver.6.0+V

เปลี่ยนเป็นภาษาไทย

Change to English
 แสดงรายละเอียดบรรณานุกรม
  กลับหน้าหลัก

Brief Record : Get Marc (ISO 2709) : E-mail record : QR code < ปิดหน้าต่าง
LEADER : 00000nam 2200000uu 4500
001    13399111279
003     ULIB
008    110622s2550||||th 000 0 tha d
020    9746432664
050  0 QA76.9^bส719ก 2550
100 0  มหาวิทยาลัยสุโขทัยธรรมาธิราช สาขาวิชาวิทยาศาสตร์และเทคโนโลยี
245 00 เอกสารการสอนชุดวิชา การจัดการระบบฐานข้อมูล หน่วยที่ 8-15/^c เขียนโดยมหาวิทยาลัยสุโขทัยธรรมาธิราช สาขาวิชาวิทยาศาสตร์และเทคโนโลยี
250    พิมพ์ครั้งที่ 8
260    กรุงเทพฯ:^bมหาวิทยาลัยสุโขทัยธรรมาธิราช,^c2550
300    401 หน้า
650  0 ฐานข้อมูล
945    ^p0^l0^i14880
945    ^p0^l0^i14881
955    กัณชพร
999 ^a ใช้งานได้ทุกระบบ
รายการนี้ยังไม่มีแท็ก
คุณยังไม่ได้ล็อกอิน คุณสามารถมีกิจกรรมร่วมกับเว็บไซต์ได้ แต่ต้องล็อกอินก่อน ::
  ล็อกอิน

รายการสื่อสารสนเทศ

ลำดับที่ ประเภท เลขเรียก/บาร์โค้ด สถานที่ สถานะ
- ไม่พบข้อมูล -

รายการใกล้เคียง
    ผู้แต่ง [มหาวิทยาลัยสุโขทัยธรรมาธิราช สาขาวิชาวิทยาศาสตร์และเทคโนโลยี]

    หัวเรื่อง [ฐานข้อมูล]

BibComment


ยังไม่เคยถูกคอมเมนท์

คอมเมนท์ทรัพยากรรายการนี้
  คอมเมนท์: เอกสารการสอนชุดวิ..


 Copyright 2026. Bcnsprnw @Library